Intoduction to Plant Pathology (Record no. 151)

MARC details
000 -LEADER
fixed length control field 00294nam a22001337a 4500
020 ## - INTERNATIONAL STANDARD BOOK NUMBER
International Standard Book Number 978-93-86479-48-8
041 ## - LANGUAGE CODE
Language code of text/sound track or separate title ENG
100 ## - MAIN ENTRY--PERSONAL NAME
Personal name Singh .R.S
245 ## - TITLE STATEMENT
Title Intoduction to Plant Pathology
260 ## - PUBLICATION, DISTRIBUTION, ETC. (IMPRINT)
Place of publication, distribution, etc Delhi
Name of publisher, distributor, etc Medtech
Date of publication, distribution, etc 2019
300 ## - PHYSICAL DESCRIPTION
Extent 406
650 ## - SUBJECT ADDED ENTRY--TOPICAL TERM
Topical term or geographic name as entry element UPSC
856 ## - ELECTRONIC LOCATION AND ACCESS
Uniform Resource Identifier Competitive Exam
Holdings
Withdrawn status Lost status Source of classification or shelving scheme Damaged status Not for loan Home library Current library Date acquired Cost, normal purchase price Total Checkouts Barcode Date last seen Price effective from Koha item type
    Dewey Decimal Classification     College of Agricultural Engineering and Technology, Dapoli , Library Liberty 15/01/2021 475.00   007715 15/01/2021 15/01/2021 Books
    Dewey Decimal Classification     College of Agricultural Engineering and Technology, Dapoli , Library Liberty 15/01/2021 475.00   007716 15/01/2021 15/01/2021 Books

Contact Us: College of Agricultural Engineering and Technology, Dapoli, Dist.- Ratnagiri
Website: https://dbskkv.org Email: caetlibrary2015@gmail.com